England Euro 2012 Squad - Statistics

General Stats
  • This quiz has been taken 1,480 times
  • The average score is 17 of 23
Answer Stats
Club Position Answer % Correct
Manchester City GK Joe Hart
99%
Manchester United ST Wayne Rooney
95%
Chelsea CB John Terry
92%
Liverpool CM Steven Gerrard
92%
Chelsea LB Ashley Cole
88%
Arsenal Wing Theo Walcott
85%
Everton LB Leighton Baines
84%
Liverpool RB Glen Johnson
82%
Manchester United ST Danny Welbeck
78%
Manchester United CB Phil Jones
77%
Tottenham ST Jermaine Defoe
75%
Manchester City CM/Wing James Milner
74%
Liverpool CM Jordan Henderson
74%
Everton CB Phil Jagielka
73%
Manchester City CB Joleon Lescott
71%
West Ham GK Robert Green
68%
Arsenal Wing Alex Oxlade-Chamberlain
64%
Manchester United Wing/ST Ashley Young
62%
Liverpool ST Andy Carroll
61%
Birmingham GK Jack Butland
49%
Liverpool Wing Stewart Downing
49%
Tottenham CM Scott Parker
48%
Liverpool RB Martin Kelly
38%
No matching quizzes found
Score Distribution
Percent of People with Each Score
Percentile by Number Answered
Your Score History
You have not taken this quiz